A mathematical introduction to fluid mechanics (Record no. 4781)

000 -LEADER
fixed length control field 00587nam a2200205 a 4500
001 - CONTROL NUMBER
control field 4781
003 - CONTROL NUMBER IDENTIFIER
control field BD-DhUET
008 - FIXED-LENGTH DATA ELEMENTS--GENERAL INFORMATION
fixed length control field 920727s1993 nyua b 001 0 eng
020 ## - INTERNATIONAL STANDARD BOOK NUMBER
International Standard Book Number 0387979182
040 ## - CATALOGING SOURCE
Original cataloging agency DLC
Transcribing agency DLC
Modifying agency BD-DhUET
082 00 - DEWEY DECIMAL CLASSIFICATION NUMBER
Classification number 532
Item number CHO/1993
100 ## - MAIN ENTRY--PERSONAL NAME
Personal name Chorin, Alexandre Joel
245 12 - TITLE STATEMENT
Title A mathematical introduction to fluid mechanics
Statement of responsibility, etc. by Alexandre J. Chorin and Jerrold E. Marsden
250 ## - EDITION STATEMENT
Edition statement 3rd ed.
260 ## - PUBLICATION, DISTRIBUTION, ETC. (IMPRINT)
Place of publication, distribution, etc. New York
Name of publisher, distributor, etc. Springer-Verlag
Date of publication, distribution, etc. 1993
300 ## - PHYSICAL DESCRIPTION
Extent ix, 169 p.
Other physical details ill.
Dimensions 25 cm.
650 #0 - SUBJECT ADDED ENTRY--TOPICAL TERM
Topical term or geographic name as entry element Fluid mechanics
700 1# - ADDED ENTRY--PERSONAL NAME
Personal name Marsden, Jerrold E.
942 ## - ADDED ENTRY ELEMENTS (KOHA)
Koha item type General Book
Holdings
Sublocation or collection (holding branch) Koha issues (times borrowed) Koha date last borrowed Koha full call number Piece designation (barcode) Location (home branch) Shelving location Koha normalized classification for sorting Date acquired Lost status Price effective from Koha item type Damaged status Koha date last seen Copy number Not for loan Source of classification or shelving scheme Withdrawn status
Central Library, BUET22019-02-11532/CHO/199387312Central Library, BUETCirculation section532CHO19932014-11-19 2014-11-19General Book 2020-03-011